[Event "8th Danzhou Super GM 2017"]
[Site "Danzhou CHN"]
[Date "2017.07.18"]
[Round "9.5"]
[White "Yu Yangyi"]
[Black "Malakhov,V"]
[Result "1-0"]
[WhiteElo "2753"]
[BlackElo "2722"]

1.d4 d5 2.c4 c6 3.Nf3 Nf6 4.Nc3 a6 5.c5 Nbd7 6.Bf4 Nh5 7.Bd2 Nhf6 8.Qc2 g6
9.g3 Bg7 10.Bg2 O-O 11.O-O b6 12.b4 a5 13.a3 Re8 14.Bf4 Nh5 15.Bg5 h6 16.Bd2 bxc5
17.bxc5 e5 18.dxe5 Nxe5 19.Nd4 Qc7 20.Na4 Nc4 21.Bc3 Nf6 22.Rfb1 Ba6 23.Nb6 Rab8
24.e3 Kh7 25.Nxc4 Bxc4 26.Nf5 Bh8 27.Nd6 Rf8 28.Nxc4 dxc4 29.Bd4 Nd7 30.Qxc4 Bxd4
31.exd4 Nf6 32.Qa6 Qd7 33.Rd1 Nd5 34.Qxa5 Rb2 35.Rab1 Rfb8 36.Qe1 Qf5 37.Be4 Qe6
38.Rxb2 Rxb2 39.a4 Nf6 40.Bg2 Qb3 41.d5 Nxd5 42.Bxd5 cxd5 43.c6 d4 44.c7 Rc2
45.Rc1 d3 46.Rxc2 Qxc2 47.Qe7 Kg7 48.Qe5+ Kh7 49.Qf4 Kg8 50.Qd6 d2 51.Qxd2 Qxd2
52.c8=Q+ Kg7 53.Qa8 h5 54.h3 f5 55.a5 f4 56.Qa7+ Kh6 57.gxf4 Qd1+ 58.Kg2 Qd5+
59.Kg3 Qd3+ 60.Qe3 Qd6 61.Qe5 Qd3+ 62.Kg2 Kh7 63.Qe6 Qd2 64.a6 Qd4 65.Qe7+ Kh6
66.Qe5  1-0

[Event "World Blitz 2017"]
[Site "Riyadh KSA"]
[Date "2017.12.29"]
[Round "1.50"]
[White "Saeed,I"]
[Black "Malakhov,V"]
[Result "0-1"]
[WhiteElo "2434"]
[BlackElo "2686"]

1.d4 g6 2.e4 Bg7 3.Nf3 d6 4.c3 Nf6 5.Bd3 O-O 6.O-O Nbd7 7.Re1 e5 8.Bc2 b6
9.h3 Bb7 10.Nbd2 Re8 11.a4 a6 12.a5 b5 13.d5 c6 14.c4 Rc8 15.b3 cxd5 16.cxd5 Qc7
17.Ra2 Nh5 18.Bd3 Nf4 19.Bf1 f5 20.g3 fxe4 21.gxf4 exf3 22.Nxf3 exf4 23.Ng5 Rxe1
24.Qxe1 Bxd5 25.Bxf4 Ne5 26.Qe3 Qc6 27.Rd2 h6 28.Bxe5 dxe5 29.Qd3 hxg5 30.Qxd5+ Qxd5
31.Rxd5 Rc6 32.Bg2 Rc1+ 33.Kh2 Ra1 34.Be4 Rxa5 35.Bxg6 Bf6 36.Be4 Ra2 37.Kg2 Kf7
38.Rd6 Be7 39.Rb6 Rxf2+ 40.Kg3 Rf4 41.Bd5+ Kf8 42.Rxa6 b4 43.Ra8+ Kg7 44.Ra7 Kf6
45.Ra6+ Kf5 46.Ra7 Bf6 47.Ra6 e4 48.Be6+ Ke5 49.Bc4 Kd4 50.Rd6+ Kc3 51.Re6 Kd2
52.h4 e3 53.hxg5 Bxg5 54.Re8 Rxc4 55.bxc4 e2 56.Rd8+ Bxd8  0-1

[Event "World Blitz 2017"]
[Site "Riyadh KSA"]
[Date "2017.12.29"]
[Round "2.23"]
[White "Malakhov,V"]
[Black "Araz,B"]
[Result "1-0"]
[WhiteElo "2686"]
[BlackElo "2368"]

1.e4 d6 2.d4 Nf6 3.Nc3 g6 4.Nf3 Bg7 5.Be2 O-O 6.O-O c6 7.Re1 Bg4 8.h3 Bxf3
9.Bxf3 e5 10.d5 c5 11.a4 Nbd7 12.Nb5 Ne8 13.Na3 a6 14.Bd2 b6 15.Nc4 f5 16.b4 Qc7
17.Qe2 cxb4 18.Bxb4 Nc5 19.a5 b5 20.Nb6 Rd8 21.c4 fxe4 22.Bxe4 Nxe4 23.Qxe4 Rf4
24.Qe2 bxc4 25.Rac1 Qb7 26.Rxc4 Rxc4 27.Qxc4 Nc7 28.Qg4 Bf8 29.Rc1 Kg7 30.Qh4 Re8
31.Bd2 Nxd5 32.Qe4 Qf7 33.Qxd5 Qxd5 34.Nxd5 Rb8 35.Rc7+ Kh8 36.Ra7 Rb5 37.Nf6  1-0

[Event "World Blitz 2017"]
[Site "Riyadh KSA"]
[Date "2017.12.29"]
[Round "3.2"]
[White "Korobov,A"]
[Black "Malakhov,V"]
[Result "1/2-1/2"]
[WhiteElo "2652"]
[BlackElo "2686"]

1.d4 d5 2.c4 c6 3.Nf3 Nf6 4.Nc3 a6 5.a4 e6 6.Bg5 a5 7.e3 Be7 8.Bd3 Na6 9.O-O Nb4
10.Be2 O-O 11.Qb3 b6 12.Rac1 Ba6 13.cxd5 Bxe2 14.Nxe2 exd5 15.Rfd1 Ne4 16.Bxe7 Qxe7
17.Ng3 Nxg3 18.hxg3 c5 19.dxc5 bxc5 20.Qc3 Rfc8 21.b3 Na2 22.Qd3 Nxc1 23.Rxc1 h6
24.Qxd5 Qe6 25.Qxe6 fxe6 26.Ne5 Rab8 27.Rc3 Rc7 28.Nc4 Ra8 29.g4 Kf8 30.f4 Ke7
31.Kf2 Rd7 32.Kf3 Rd1 33.Ke4 Rg1 34.Rc2 Rd1 35.Rc3 Rg1 36.Rc2 Rd1  1/2-1/2

[Event "World Blitz 2017"]
[Site "Riyadh KSA"]
[Date "2017.12.29"]
[Round "5.6"]
[White "Karjakin,Sergey"]
[Black "Malakhov,V"]
[Result "1-0"]
[WhiteElo "2760"]
[BlackElo "2686"]

1.e4 e5 2.Nf3 Nc6 3.Bc4 Bc5 4.c3 Nf6 5.d3 a6 6.a4 h6 7.O-O d6 8.Re1 O-O 9.Nbd2 Ba7
10.h3 Re8 11.b4 Be6 12.Bxe6 Rxe6 13.Qc2 Re8 14.Nf1 Qd7 15.Ng3 Ne7 16.Rb1 Rad8
17.d4 Ng6 18.Be3 exd4 19.Bxd4 Bxd4 20.cxd4 d5 21.e5 Nh7 22.Nh5 Ngf8 23.Nh2 g6
24.Ng3 Ne6 25.Ne2 c6 26.f4 f5 27.exf6 Qf7 28.Ng4 Kh8 29.Ne5 Qxf6 30.Nxg6+ Kg7
31.Ne5 Nhf8 32.Rb3 Nxf4 33.Rg3+ N4g6 34.Rf1 Qd6 35.Rxf8 Kxf8 36.Qf5+  1-0

[Event "World Blitz 2017"]
[Site "Riyadh KSA"]
[Date "2017.12.29"]
[Round "6.18"]
[White "Malakhov,V"]
[Black "Svidler,P"]
[Result "0-1"]
[WhiteElo "2686"]
[BlackElo "2765"]

1.e4 c5 2.Nf3 d6 3.d4 cxd4 4.Nxd4 Nf6 5.Nc3 a6 6.g3 Bg4 7.f3 Bd7 8.Be3 h5
9.Qd2 Nc6 10.O-O-O e6 11.Kb1 b5 12.Nxc6 Bxc6 13.Bd3 Nd7 14.f4 Nc5 15.Rhe1 Be7
16.f5 Nxd3 17.Qxd3 O-O 18.Ne2 exf5 19.exf5 Re8 20.Nf4 Bf3 21.Rc1 Bg5 22.h4 Be4
23.Qd2 Bxf4 24.Bxf4 Qf6 25.Qxd6 Qxf5 26.Rf1 Rac8 27.Qd2 Qg6 28.b3 Red8 29.Qf2 Rc3
30.Rfe1 Rdc8 31.Re2 a5 32.Be5 R3c5 33.Bb2 a4 34.b4 Rc4 35.a3 f6 36.Rd2 Qg4
37.Re2 Bg6 38.Rd2 Kh7 39.Re2 R4c6 40.Rd2 Bf7 41.Rd4 Qe6 42.Re1 Qa2+ 43.Kc1 Bg6
44.Re2 Rxc2+ 45.Rxc2 Rxc2+  0-1

[Event "World Blitz 2017"]
[Site "Riyadh KSA"]
[Date "2017.12.29"]
[Round "7.45"]
[White "Al Sayed,Mohamad"]
[Black "Malakhov,V"]
[Result "1-0"]
[WhiteElo "2511"]
[BlackElo "2686"]

1.d4 g6 2.Bg5 Bg7 3.c3 d6 4.e3 Nf6 5.Bd3 Nbd7 6.Ne2 b6 7.Nd2 Bb7 8.O-O O-O
9.a4 a6 10.b4 e5 11.b5 a5 12.Qb3 Qe8 13.Rfe1 e4 14.Bc2 h6 15.Bh4 g5 16.Bg3 Nh5
17.h3 Kh8 18.Bh2 f5 19.Ng3 Nxg3 20.Bxg3 Rc8 21.Bh2 Nf6 22.Rad1 h5 23.c4 Nd7
24.Qb1 h4 25.Nb3 Qe7 26.Qc1 Nf6 27.d5 Nh5 28.Nd4 Bxd4 29.Rxd4 Rce8 30.Qd1 Qf7
31.Qd2 Bc8 32.Bd1 g4 33.hxg4 fxg4 34.Bf4 Qg6 35.g3 h3 36.Kh2 Bf5 37.Be2 Nf6
38.Qc3 Kh7 39.Rd2 Nd7 40.Qc2 Nc5 41.Rd4 Rf7 42.Red1 Ref8 43.R1d2 Nd7 44.Rd1 Ne5
45.Qc3 Nf3+ 46.Bxf3 exf3 47.R4d2 Re8 48.c5 dxc5 49.d6 cxd6 50.Rxd6 Re6 51.Rd8 Qg7
52.Qc4 Rg6 53.Rb8 Rd7 54.Rxd7 Qxd7 55.Be5 Re6 56.Rh8+ Kg6 57.Qf4 Kf7 58.Rh7+  1-0

[Event "World Blitz 2017"]
[Site "Riyadh KSA"]
[Date "2017.12.29"]
[Round "8.44"]
[White "Malakhov,V"]
[Black "Halkias,S"]
[Result "1-0"]
[WhiteElo "2686"]
[BlackElo "2571"]

1.e4 e5 2.Nf3 d6 3.d4 exd4 4.Nxd4 Nf6 5.Nc3 Be7 6.g3 d5 7.e5 Ng4 8.Bg2 c6
9.e6 Nf6 10.exf7+ Kxf7 11.O-O Re8 12.Bf4 Na6 13.Re1 Nc5 14.b4 Ne6 15.Nxe6 Bxe6
16.b5 Bf5 17.bxc6 bxc6 18.Ne2 Bc5 19.c3 Ne4 20.Bxe4 Bxe4 21.Nd4 Kg8 22.Qg4 Qf6
23.Rad1 Rf8 24.f3 Bf5 25.Qh5 Bg6 26.Qh3 Rae8 27.Rxe8 Rxe8 28.Qd7 h6 29.Rd2 Bb6
30.Kg2 c5 31.Nb5 d4 32.cxd4 cxd4 33.Nd6 Rd8 34.Qc6 d3 35.a4 Ba5 36.Qd5+ Kh7
37.Qxa5 Rxd6 38.Bxd6 Qxd6 39.g4 Qf4 40.h4 h5 41.gxh5 Bf5 42.Rf2 Be6 43.Qd2 Qd4
44.Qg5 Bd5 45.Kg3 Qc5 46.Rb2 Qd6+ 47.Qf4 Qe6 48.Qd4 Qe1+ 49.Kg2 Qe6 50.Qxd3+ Kh6
51.Qd2+ Kh7 52.Qg5 Qd6 53.Qg6+ Qxg6+ 54.hxg6+ Kxg6 55.a5 Kf6 56.Kg3 Ke5 57.f4+ Ke4
58.Kg4 a6 59.Kg5 Be6 60.h5 Bc4 61.Rb7 Bb5 62.Rxg7  1-0

[Event "World Blitz 2017"]
[Site "Riyadh KSA"]
[Date "2017.12.29"]
[Round "9.41"]
[White "Zhao Jun"]
[Black "Malakhov,V"]
[Result "0-1"]
[WhiteElo "2604"]
[BlackElo "2686"]

1.Nf3 g6 2.d4 Bg7 3.g3 c5 4.d5 d6 5.Bg2 b5 6.O-O Nd7 7.e4 Bb7 8.Re1 Ngf6
9.a4 a6 10.Na3 b4 11.Nc4 O-O 12.a5 Ne8 13.Bf4 Nc7 14.Qd2 Re8 15.h4 Nf6 16.Bh6 Bh8
17.Rad1 Nb5 18.Bf4 Bg7 19.Bh6 Bh8 20.Bg5 Ng4 21.Bh3 Nf6 22.Re3 Rb8 23.Rde1 Bc8
24.Bg2 Ng4 25.Rd3 Qc7 26.Bf4 Nd4 27.b3 Bd7 28.Nxd4 Bxd4 29.Rxd4 cxd4 30.Qxd4 Bb5
31.Bh3 Bxc4 32.Bxg4 Bb5 33.Bh6 f6 34.Be6+ Kh8 35.h5 gxh5 36.Kg2 Qxc2 37.Rh1 Qd3
38.Qxd3 Bxd3 39.Bf5 Rb5 40.Rxh5 e6 41.Bxe6 Rxe6 42.dxe6 Rxh5  0-1

[Event "World Blitz 2017"]
[Site "Riyadh KSA"]
[Date "2017.12.29"]
[Round "10.28"]
[White "Malakhov,V"]
[Black "Zhigalko,S"]
[Result "1/2-1/2"]
[WhiteElo "2686"]
[BlackElo "2641"]

1.e4 c5 2.Nf3 Nc6 3.Bb5 Nf6 4.Bxc6 dxc6 5.d3 Bg4 6.h3 Bh5 7.Nbd2 Nd7 8.Nf1 e6
9.Ng3 Bg6 10.O-O Bd6 11.b3 Qc7 12.Ne2 Bh5 13.g4 Bg6 14.Bb2 h5 15.Kg2 hxg4
16.hxg4 f5 17.Rh1 O-O-O 18.Ng5 Rxh1 19.Qxh1 Nf8 20.gxf5 exf5 21.Qh3 Qd7 22.Ng3 Bxg3
23.Qxg3 fxe4 24.Nxe4 Ne6 25.Re1 Bf5 26.Be5 Qd5 27.f3 Bxe4 28.Rxe4 Qd7 29.Qg4 Rh8
30.Bg3 Rh6 31.Bf4 Rf6 32.Be5 Rh6 33.Bh2 Qf7 34.Qg3 Rg6 35.Rg4 Rxg4 36.fxg4 Nc7
37.Qd6 Qd5+ 38.Qxd5 Nxd5 39.Kf3 Nb4 40.c4 Nxa2 41.Be5 g6 42.Kf4 Kd7 43.Kg5 Ke6
44.Bb8 Kf7 45.Bxa7 Nc1 46.Bxc5 Nxd3 47.Be3 Ne5 48.Kf4 Nd7 49.Ke4 Ke6 50.Bd4 b5
51.cxb5 cxb5 52.b4 Nb8 53.Bc3 Nc6 54.Kf4 Ne7 55.Kg5 Kf7 56.Bd4  1/2-1/2

[Event "World Blitz 2017"]
[Site "Riyadh KSA"]
[Date "2017.12.29"]
[Round "11.31"]
[White "Ni Hua"]
[Black "Malakhov,V"]
[Result "0-1"]
[WhiteElo "2671"]
[BlackElo "2686"]

1.d4 g6 2.e4 Bg7 3.Nc3 d6 4.Be3 a6 5.a4 Nf6 6.Nf3 O-O 7.h3 b6 8.Bd3 Bb7 9.O-O Nc6
10.Qd2 Nb4 11.Bh6 c5 12.d5 Rc8 13.Bxg7 Kxg7 14.Bc4 Rb8 15.Rfe1 Nd7 16.Ne2 a5
17.c3 Na6 18.Ng3 Nc7 19.h4 Ne8 20.h5 Nef6 21.Qg5 Ng8 22.hxg6 fxg6 23.e5 Rxf3
24.gxf3 Nxe5 25.Rxe5 dxe5 26.Qxe5+ Kf8 27.Re1 Qd6 28.Qg5 Qf6 29.Qe3 Rd8 30.Ne4 Qe5
31.f4 Qf5 32.Ng3 Qf6 33.d6 Rxd6 34.Bxg8 Kxg8 35.Qxe7 Qxe7 36.Rxe7 Bf3 37.f5 Rd1+
38.Kh2 Rd2 39.f6 Rxf2+ 40.Kh3 Bd5 41.Rg7+  0-1

[Event "World Blitz 2017"]
[Site "Riyadh KSA"]
[Date "2017.12.30"]
[Round "12.21"]
[White "Malakhov,V"]
[Black "Fressinet,L"]
[Result "0-1"]
[WhiteElo "2686"]
[BlackElo "2662"]

1.e4 e5 2.Nf3 Nc6 3.Bb5 a6 4.Ba4 d6 5.c3 f5 6.exf5 Bxf5 7.d4 e4 8.Nfd2 Nf6
9.Nf1 Be7 10.Bg5 O-O 11.Ne3 Bg6 12.Nd2 Kh8 13.O-O b5 14.Bb3 Na5 15.Be6 c6
16.Bxf6 Rxf6 17.d5 c5 18.Qg4 Qf8 19.g3 Nb7 20.Rae1 c4 21.f4 exf3 22.Rxf3 Nc5
23.Nf5 Nd3 24.Nxe7 Qxe7 25.Rxf6 gxf6 26.Rf1 Rf8 27.Nf3 Qa7+ 28.Nd4 Nxb2 29.h4 b4
30.h5 Bd3 31.Rxf6 Qg7 32.Rxf8+ Qxf8 33.Nf5 Bxf5 34.Bxf5 bxc3 35.Bc2 Nd3 36.Qd4+ Qg7
37.Qe3 Qe5 38.Qxe5+ Nxe5 39.Kf2 Nd3+ 40.Ke2 Nc1+ 41.Ke3 Nxa2 42.Kd4 Nb4 43.Kxc3 Nxc2
44.Kxc2 Kg7 45.Kc3 Kf6 46.Kxc4 Kg5 47.Kb4 Kxh5 48.Ka5 Kg4 49.Kb6 Kf5  0-1

[Event "World Blitz 2017"]
[Site "Riyadh KSA"]
[Date "2017.12.30"]
[Round "13.29"]
[White "Mchedlishvili,M"]
[Black "Malakhov,V"]
[Result "1/2-1/2"]
[WhiteElo "2603"]
[BlackElo "2686"]

1.d4 d5 2.Nf3 Nf6 3.c4 c6 4.g3 dxc4 5.Bg2 g6 6.a4 Bg7 7.Na3 Be6 8.O-O O-O
9.Ne5 Ng4 10.Naxc4 Nxe5 11.Nxe5 Nd7 12.Nf3 Bd5 13.Qc2 Bxf3 14.Bxf3 Bxd4 15.Rd1 Bg7
16.Bg5 Qe8 17.Rab1 Ne5 18.Bg2 Rd8 19.b4 Rxd1+ 20.Rxd1 h6 21.Be3 a6 22.Bc5 Nd7
23.Be3 Ne5 24.Bc5 Bf6 25.Qb3 Qc8 26.Be3 Kg7 27.b5 axb5 28.axb5 Rd8 29.Rc1 Qd7
30.bxc6 Nxc6 31.Rb1 Qd6 32.h4 Bd4 33.Bxd4+ Nxd4 34.Qb2 Qf6 35.e3 Nf5 36.Qxf6+ Kxf6  1/2-1/2

[Event "World Blitz 2017"]
[Site "Riyadh KSA"]
[Date "2017.12.30"]
[Round "14.29"]
[White "Malakhov,V"]
[Black "Dzhumagaliev,Y"]
[Result "1-0"]
[WhiteElo "2686"]
[BlackElo "2400"]

1.e4 c5 2.Nf3 Nc6 3.Bb5 e6 4.O-O Nge7 5.Re1 a6 6.Bf1 d5 7.exd5 Nxd5 8.d4 Nf6
9.Be3 Be7 10.dxc5 Qxd1 11.Rxd1 Ng4 12.Bf4 Bxc5 13.Bg3 h5 14.Nc3 h4 15.Nxh4 Nxf2
16.Bxf2 Bxf2+ 17.Kxf2 Rxh4 18.h3 Bd7 19.g4 f5 20.gxf5 Rf4+ 21.Kg3 Rxf5 22.Ne4 Ke7
23.Be2 Raf8 24.Bg4 Re5 25.Re1 Nd4 26.Nc3 Rxe1 27.Rxe1 Nxc2 28.Re4 a5 29.a3 Kd6
30.Bd1 Na1 31.Rd4+ Kc7 32.Ne4 Bc6 33.Ng5 Rf6 34.Rc4 Rf1 35.Bg4 Kd6 36.Rd4+ Ke5
37.Rd2 Nb3 38.Re2+ Kd4 39.Nxe6+ Kc4 40.Nxg7 Nd4 41.Rf2 Rg1+ 42.Kh4 Kd3 43.Nf5 Nxf5+
44.Rxf5 Rg2 45.Rxa5 Rxb2 46.Kg5 Kc3 47.h4 Rg2 48.Kf4 Rh2 49.Kg3 Rg2+ 50.Kf4 Rh2
51.h5 b5 52.Ra6 Be8 53.h6 Kb3 54.Be6+ Kb2 55.Bf5 Rf2+ 56.Kg5 Rg2+ 57.Kf6 Rh2
58.h7 Bd7 59.Bg6 Be8 60.Kg7 Bxg6 61.Kxg6 Rg2+ 62.Kf7 Rf2+ 63.Kg7 Rg2+ 64.Rg6 Rh2
65.Rg3  1-0

[Event "World Blitz 2017"]
[Site "Riyadh KSA"]
[Date "2017.12.30"]
[Round "15.23"]
[White "Socko,B"]
[Black "Malakhov,V"]
[Result "1-0"]
[WhiteElo "2593"]
[BlackElo "2686"]

1.d4 d5 2.c4 c6 3.cxd5 cxd5 4.Bf4 Nc6 5.e3 Nf6 6.Nc3 a6 7.Bd3 Bg4 8.Nge2 e6
9.O-O Bd6 10.f3 Bh5 11.Rc1 O-O 12.Na4 e5 13.Bg5 exd4 14.exd4 Bg6 15.Nc5 Bxc5
16.Rxc5 Re8 17.Nf4 Bxd3 18.Qxd3 Qd6 19.Qd2 b6 20.Rc3 Nd7 21.Rfc1 Na5 22.Nd3 h6
23.Bf4 Qf6 24.Qf2 Nc4 25.b3 Na3 26.Be5 Qf5 27.g4 Qh7 28.Nf4 Nb5 29.Rc6 Nxe5
30.dxe5 Rxe5 31.Qxb6 Ree8 32.a4 Na7 33.Rc7 Nc8 34.Qc6 Nb6 35.Qxb6 g5 36.Nh5 Re6
37.Qd4 Qh8 38.Rc8+  1-0

[Event "World Blitz 2017"]
[Site "Riyadh KSA"]
[Date "2017.12.30"]
[Round "16.26"]
[White "Malakhov,V"]
[Black "Guseinov,G"]
[Result "1/2-1/2"]
[WhiteElo "2686"]
[BlackElo "2646"]

1.e4 c5 2.Nf3 g6 3.d4 cxd4 4.Nxd4 Nc6 5.c4 Nf6 6.Nc3 Nxd4 7.Qxd4 d6 8.Be3 Bg7
9.f3 O-O 10.Qd2 Be6 11.Rc1 Qa5 12.b3 Rfc8 13.Be2 a6 14.Na4 Qxd2+ 15.Kxd2 Nd7
16.g4 f5 17.gxf5 gxf5 18.Rhg1 Kh8 19.Bd3 f4 20.Bf2 Bf6 21.Nb6 Nxb6 22.Bxb6 Rg8
23.a4 Rxg1 24.Rxg1 a5 25.Kc2 Bf7 26.Kd2 Bh5 27.Ke2 Bf7 28.Bf2 Be6 29.Be1 Bd7
30.Bd2 Be5 31.c5 Be6 32.cxd6 exd6 33.Bc4 Bd7 34.Bxa5 h6 35.Bb6 Kh7 36.Kd3 h5
37.Bd4 Kh6 38.Bxe5 dxe5 39.Bd5 Ra7 40.Kc4 b6 41.Kb4 Rc7 42.Bc4 Rc8 43.Rd1 Bh3
44.Rd6+ Kg5 45.Rxb6 Bg2 46.Bd5 Bxf3 47.a5 Be2 48.Rb7 Rf8 49.Rg7+ Kh6 50.Rg2 f3
51.Rf2 Kg5 52.Bc4 Rb8+ 53.Kc5 Bxc4 54.bxc4 Kf4 55.a6 Kxe4 56.a7 Rf8 57.Kb6 Ke3
58.Rf1 Ke2 59.Ra1 f2 60.c5 e4 61.c6 e3 62.c7 f1=Q 63.Rxf1 Kxf1 64.Kb7 e2
65.a8=Q Rxa8 66.Kxa8 e1=Q 67.c8=Q Qe4+ 68.Ka7 Qd4+ 69.Ka8 Qa1+ 70.Kb8 Qb2+
71.Ka8 Qxh2 72.Qf5+ Kg1 73.Qc5+ Kg2 74.Qg5+ Kf2 75.Qf5+  1/2-1/2

[Event "World Blitz 2017"]
[Site "Riyadh KSA"]
[Date "2017.12.30"]
[Round "17.31"]
[White "Adhiban,Baskaran"]
[Black "Malakhov,V"]
[Result "0-1"]
[WhiteElo "2655"]
[BlackElo "2686"]

1.f4 d5 2.Nf3 g6 3.e3 Bg7 4.Be2 c5 5.Ne5 Nd7 6.d4 Ngf6 7.Nc3 O-O 8.h4 Nxe5
9.fxe5 Ne4 10.Nxe4 dxe4 11.h5 Be6 12.c4 Rc8 13.d5 Bd7 14.hxg6 hxg6 15.e6 fxe6
16.Bg4 Qc7 17.Rh3 Qe5 18.Bd2 Rcd8 19.Bc3 Qg5 20.Bxg7 Kxg7 21.Rc1  0-1

[Event "World Blitz 2017"]
[Site "Riyadh KSA"]
[Date "2017.12.30"]
[Round "18.25"]
[White "Malakhov,V"]
[Black "Howell,D"]
[Result "0-1"]
[WhiteElo "2686"]
[BlackElo "2676"]

1.e4 c6 2.d4 d5 3.exd5 cxd5 4.Bd3 Nc6 5.c3 Qc7 6.h3 e5 7.dxe5 Nxe5 8.Nf3 Bd6
9.Nxe5 Bxe5 10.O-O Nf6 11.Nd2 O-O 12.Nf3 Bd6 13.Re1 h6 14.Nd4 a6 15.Qf3 Be5
16.Bd2 Re8 17.Re2 Bd7 18.Rae1 Bxd4 19.cxd4 Qb6 20.b3 Rxe2 21.Rxe2 Bb5 22.Bxb5 axb5
23.Bb4 Qxd4 24.a3 Ne4 25.Rc2 Re8 26.h4 Nf6 27.g3 Qe5 28.Kg2 h5 29.Rc5 Ne4
30.Rxb5 Rb8 31.Qf4 Qxf4 32.gxf4 Nf6 33.Bc3 Ne4 34.Be5 Ra8 35.a4 Ra7 36.Rxd5 f6
37.Bd4 Ra6 38.Rxh5 Rd6 39.Be3 Nc3 40.Rc5 Nd5 41.Kf3 Kf7 42.Rb5 Rd7 43.f5 Nc3
44.Rc5 Nd5 45.a5 Nb4 46.Rb5 Nc6 47.Ke4 Ke8 48.Rb6 Nxa5 49.h5 Nc6 50.b4 Kf7
51.Rb5 Re7+ 52.Kf4 Rd7 53.Kg3 Ne5 54.Rc5 Nd3 55.Rc4 Ne5 56.Rc3 Ke8 57.b5 Kf7
58.b6 Nc6 59.Kf4 Ne7 60.Kg4 Nd5 61.Rb3 Ke7 62.Bc5+ Kd8 63.Kf3 Ke8 64.Rb2 Kf7
65.Be3 Rd6 66.Rb3 Rd7 67.Ke4 Ne7 68.Rc3 Nc6 69.Rxc6 bxc6 70.Bf4 Rb7 71.Bc7 Ke7
72.Kd4 Kd7 73.h6 gxh6 74.Bf4 Rxb6 75.Bxh6 Rb5 76.Ke4 Rb4+ 77.Kd3 Ra4 78.Bf8 Rf4
79.Ke3 Rxf5 80.f4 Rd5 81.Ke4 f5+ 82.Ke3 c5  0-1

[Event "World Blitz 2017"]
[Site "Riyadh KSA"]
[Date "2017.12.30"]
[Round "20.36"]
[White "Malakhov,V"]
[Black "Bosiocic,Mari"]
[Result "1-0"]
[WhiteElo "2686"]
[BlackElo "2624"]

1.e4 e5 2.Nf3 Nc6 3.Bb5 Nf6 4.d3 Bc5 5.c3 O-O 6.O-O d5 7.exd5 Qxd5 8.Bc4 Qd6
9.Nbd2 Bb6 10.h3 a6 11.Ne4 Nxe4 12.dxe4 Qg6 13.Kh2 Qxe4 14.Bd3  1-0

[Event "World Blitz 2017"]
[Site "Riyadh KSA"]
[Date "2017.12.30"]
[Round "21.32"]
[White "Volokitin,And"]
[Black "Malakhov,V"]
[Result "1-0"]
[WhiteElo "2628"]
[BlackElo "2686"]

1.e4 g6 2.d4 Bg7 3.Nc3 d6 4.Be3 a6 5.Qd2 b5 6.h4 Nf6 7.f3 Nbd7 8.g4 h6 9.O-O-O Nb6
10.b3 Bb7 11.Nge2 Nfd7 12.Ng3 c5 13.h5 cxd4 14.Bxd4 Ne5 15.hxg6 fxg6 16.Be2 b4
17.Nb1 O-O 18.f4 Ned7 19.Bxg7 Kxg7 20.f5 g5 21.Rxh6  1-0

[Event "TCh-CHN 2018"]
[Site "China CHN"]
[Date "2018.04.11"]
[Round "1.5"]
[White "Malakhov,V"]
[Black "Zhao,Yuanhe"]
[Result "1-0"]
[WhiteElo "2689"]
[BlackElo "2383"]

1.e4 e5 2.Nf3 Nf6 3.Nxe5 d6 4.Nf3 Nxe4 5.c4 Nc6 6.Nc3 Nxc3 7.dxc3 Be7 8.Bd3 Bg4
9.Be4 Qd7 10.O-O O-O 11.Qc2 Kh8 12.Nd4 Nxd4 13.cxd4 c6 14.h3 Bh5 15.d5 Bg6
16.dxc6 bxc6 17.Bxg6 fxg6 18.Be3 a5 19.Rad1 a4 20.Rd3 Qf5 21.Rfd1 Rfb8 22.Bd4 Bf8
23.Bc3 Rb7 24.Qd2 Kg8 25.Rf3 Qe6 26.Qd4 Re8 27.Re1 Qc8 28.Re4 Rxe4 29.Qxe4 Rf7
30.Rxf7 Kxf7 31.Qf3+ Kg8 32.Qd1 Qa6 33.Qg4 Qb7 34.c5 a3 35.b3 dxc5 36.Qe6+ Qf7
37.Qxf7+ Kxf7 38.Kf1 Be7 39.Ke2 g5 40.Kd3 h5 41.g4 g6 42.Bd2 Ke6 43.Ke4 Bf6
44.Bc1 c4 45.bxc4 Be7 46.Bd2 Bc5 47.f3 Be7 48.Kd4 Kf6 49.c5 Ke6 50.Bc1 Bf6+
51.Ke4 Bb2 52.Bxg5 Bg7 53.Be3 Bb2 54.f4 hxg4 55.hxg4 Bc3 56.Bd4 Bd2 57.Be5 Bb4
58.f5+ gxf5+ 59.gxf5+ Kf7 60.Bd4 Bd2  1-0

[Event "TCh-CHN 2018"]
[Site "China CHN"]
[Date "2018.04.12"]
[Round "2.3"]
[White "Wen Yang"]
[Black "Malakhov,V"]
[Result "1/2-1/2"]
[WhiteElo "2585"]
[BlackElo "2689"]

1.e4 e5 2.Nf3 Nc6 3.Bb5 Nf6 4.O-O Nxe4 5.Re1 Nd6 6.Nxe5 Be7 7.Bf1 Nxe5 8.Rxe5 O-O
9.d4 Bf6 10.Re1 Nf5 11.c3 d5 12.Bf4 c6 13.Nd2 Nh4 14.Nf3 Bg4 15.Be2 Bxf3
16.Bxf3 Nxf3+ 17.Qxf3 Qd7 18.Re3 Rfe8 19.Rae1 Rxe3 20.Qxe3 Kf8 21.h3 Re8
22.Bd6+ Be7 23.Bxe7+ Qxe7 24.Qxe7+ Rxe7 25.Kf1 Rxe1+ 26.Kxe1 Ke7 27.f4 f5
28.Ke2 h5 29.h4 b5 30.b4 Ke6 31.Ke3  1/2-1/2

[Event "TCh-CHN 2018"]
[Site "China CHN"]
[Date "2018.04.13"]
[Round "3.4"]
[White "Malakhov,V"]
[Black "Xu,Yi"]
[Result "1-0"]
[WhiteElo "2689"]
[BlackElo "2522"]

1.Nf3 Nf6 2.g3 d5 3.Bg2 e6 4.O-O Be7 5.d3 O-O 6.Nbd2 c5 7.e4 Nc6 8.Re1 b5
9.exd5 exd5 10.a4 bxa4 11.Rxa4 Bd7 12.Ra1 h6 13.b3 Be6 14.Bb2 Nd7 15.Rxe6 fxe6
16.Qe2 e5 17.Ng5 Nf6 18.Ne6 Qd6 19.Nxf8 Rxf8 20.c4 Qd7 21.Bxe5 Nxe5 22.Qxe5 dxc4
23.Nxc4 Re8 24.Qc3 Ng4 25.Ne5 Nxe5 26.Qxe5 Rd8 27.Re1 Bf6 28.Qxc5 Qxd3 29.Bf1 Qc3
30.Bc4+ Kh8 31.Re3 Qd4 32.Qf5 Qd1+ 33.Kg2 Qd7 34.Qe4 Rf8 35.Qg6 Qc6+ 36.f3 Rd8
37.Bd3 Kg8 38.Qh7+ Kf8 39.Bc4 Rd2+ 40.Kf1  1-0

[Event "TCh-CHN 2018"]
[Site "China CHN"]
[Date "2018.04.14"]
[Round "4.4"]
[White "Zhou Weiqi"]
[Black "Malakhov,V"]
[Result "1/2-1/2"]
[WhiteElo "2603"]
[BlackElo "2689"]

1.d4 d5 2.c4 c6 3.Nf3 Nf6 4.Nc3 a6 5.cxd5 cxd5 6.Bf4 Nc6 7.e3 Bg4 8.Be2 e6
9.O-O Bd6 10.Bxd6 Qxd6 11.Nd2 Bxe2 12.Qxe2 O-O 13.Nb3 Nd7 14.Rfc1 Rac8 15.Na4 Rc7
16.a3 Rfc8 17.Rc3 Ncb8 18.Rac1 Rxc3 19.Rxc3 Rxc3 20.Nxc3 g6 21.g3 Qb6 22.Qc2 Nc6
23.Na4 Qb5 24.Nc3 Qb6 25.Na4 Qb5 26.Nc3 Qb6  1/2-1/2

[Event "TCh-CHN 2018"]
[Site "China CHN"]
[Date "2018.05.22"]
[Round "5.3"]
[White "Malakhov,V"]
[Black "Lin,Yi"]
[Result "1/2-1/2"]
[WhiteElo "2691"]
[BlackElo "2365"]

1.e4 e5 2.Nf3 Nf6 3.Nc3 Nc6 4.d4 exd4 5.Nxd4 Bb4 6.Nxc6 bxc6 7.Bd3 O-O 8.O-O d5
9.exd5 cxd5 10.h3 c6 11.Qf3 Bd6 12.Re1 h6 13.Bf4 Be6 14.Rad1 Bxf4 15.Qxf4 Qb8
16.Qxb8 Raxb8 17.Na4 Rfe8 18.b3 Bd7 19.f4 Rxe1+ 20.Rxe1 Re8 21.Rxe8+ Nxe8
22.Nc5 Bc8 23.c4 Nc7 24.b4 Kf8 25.Kf2 Ke7 26.Ke3 Kd6 27.Kd4 Ne6+ 28.Nxe6 Bxe6
29.c5+ Kc7 30.a4 f6 31.b5 Bf7 32.Kc3 Be6 33.Kb4 Kb7 34.Bg6 Bd7 35.Bh5 Kc7
36.Be2 Be6 37.Kc3 Bf7 38.h4 Be6 39.g4 Bf7 40.g5 Be6 41.Kd4 Bf7 42.Bf3 Kb7
43.Kc3 a6 44.bxc6+ Kxc6 45.Kd4 a5 46.gxf6 gxf6 47.f5 Bg8 48.Bh5 Kd7 49.Be2 Bf7
50.Ba6 Kc7 51.Bb5 Kb7 52.Be2 Kc7 53.Bf3 Kc6 54.Bg2 Bg8 55.Bh1 Bf7 56.Bf3 Bg8
57.Bh5 Kd7 58.Bg6 Ke7 59.Bh5 Kd7 60.Bg6  1/2-1/2

[Event "TCh-CHN 2018"]
[Site "China CHN"]
[Date "2018.05.23"]
[Round "6.5"]
[White "Zhou Jianchao"]
[Black "Malakhov,V"]
[Result "0-1"]
[WhiteElo "2624"]
[BlackElo "2691"]

1.c4 c6 2.Nf3 d5 3.e3 Nf6 4.Nc3 a6 5.Qc2 g6 6.d4 Bg7 7.Bd3 O-O 8.O-O Bg4
9.Ne5 Be6 10.c5 Nbd7 11.Nxd7 Bxd7 12.f4 Qc7 13.Bd2 Ng4 14.Na4 Nh6 15.Nb6 Rae8
16.Nxd7 Qxd7 17.Bc3 f6 18.f5 gxf5 19.Bxf5 Nxf5 20.Qxf5 Qxf5 21.Rxf5 e6 22.Rf3 f5
23.Raf1 Rf7 24.Be1 e5 25.Bc3 exd4 26.Bxd4 Bxd4 27.exd4 Re4 28.Rf4 Rfe7 29.h3 Rxf4
30.Rxf4 Re4 31.Rxe4 dxe4 32.Kf2 h5 33.g3 Kf7 34.Ke3 Ke6 35.Kd2 a5 36.b3 Kf6
37.Ke3 Kg5 38.a3 Kf6 39.Ke2 Ke6 40.Kd2 Kd5 41.Kc3 e3 42.Kd3 e2 43.Kxe2 Kxd4
44.Kf3 Kxc5 45.Kf4 a4 46.bxa4 Kd4 47.Kxf5 c5 48.g4 hxg4 49.hxg4 c4 50.g5 c3
51.g6 c2 52.g7 c1=Q 53.g8=Q Qf1+ 54.Kg6 Qg2+ 55.Kf7 Qxg8+ 56.Kxg8 Kc4 57.Kf7 Kb3
58.a5  0-1

[Event "TCh-CHN 2018"]
[Site "China CHN"]
[Date "2018.05.24"]
[Round "7.2"]
[White "Malakhov,V"]
[Black "Fang,Yan"]
[Result "1-0"]
[WhiteElo "2691"]
[BlackElo "2425"]

1.e4 c5 2.Nf3 d6 3.Bb5+ Bd7 4.Bxd7+ Nxd7 5.O-O Ngf6 6.Qe2 e6 7.c3 Be7 8.d4 O-O
9.Rd1 Rc8 10.e5 Nd5 11.c4 N5b6 12.dxc5 dxc5 13.Nc3 a6 14.Bf4 Qc7 15.h4 Rcd8
16.h5 h6 17.Ne4 Nb8 18.b3 Rxd1+ 19.Rxd1 Rd8 20.Re1 Nc6 21.Qe3 Nb4 22.Re2 Rd1+
23.Ne1 Nd3 24.Nc3 Nxf4 25.Nxd1 Nxe2+ 26.Qxe2 Nd7 27.f4 Nb8 28.Nf3 Nc6 29.Nf2 Qa5
30.Ne4 b5 31.Kh2 bxc4 32.Qxc4 Qxa2 33.Nxc5 Na5 34.Qxa6 Bxc5 35.Qa8+ Kh7 36.Qe4+ Kg8
37.b4 Bxb4 38.Qxb4 Nc4 39.Qb8+ Kh7 40.Qb7 Qc2 41.Qxf7 Ne3 42.Nh4 Qf2 43.Qg6+ Kh8
44.Qe8+ Kh7 45.Qg6+ Kh8 46.Nf3 Nf5 47.Kh3 Qe3 48.Qe8+ Kh7 49.Qg6+ Kh8 50.Qxe6 Qxf4
51.Qe8+ Kh7 52.Qg6+ Kg8 53.e6 Ne7 54.Qe8+ Qf8 55.Qxf8+ Kxf8 56.Kg4 Nd5 57.Kf5 Ke7
58.Nd4 Ne3+ 59.Kg6 Nxg2 60.Kf5 g6+ 61.Ke5 Nh4 62.Nc6+ Ke8 63.Kf6 gxh5 64.Ne5  1-0

[Event "TCh-FRA Top 12 2018"]
[Site "Brest FRA"]
[Date "2018.05.26"]
[Round "1.6"]
[White "Edouard,R"]
[Black "Malakhov,V"]
[Result "1/2-1/2"]
[WhiteElo "2621"]
[BlackElo "2691"]

1.d4 d5 2.c4 c6 3.Nf3 Nf6 4.Nc3 a6 5.c5 Bf5 6.Qb3 Ra7 7.Nh4 Bg6 8.Nxg6 hxg6
9.e3 Nbd7 10.Bd2 e6 11.Be2 Be7 12.O-O-O b6 13.cxb6 Qxb6 14.Qxb6 Nxb6 15.Kb1 Kd7
16.Rc1 Rb8 17.Rc2 Ne8 18.e4 Nd6 19.Bf4 Rc8 20.Bxd6 Bxd6 21.h4 Bb4 22.Bd3 Bxc3
23.Rxc3 dxe4 24.Bxe4 Nd5 25.Bxd5 exd5 26.h5  1/2-1/2